Use of Netnography in Contemporary Marketing Research

Guardado en:
Detalles Bibliográficos
Autor principal: Kopaničová, Janka, 1979-
Otros Autores: Klepochová, Dagmar, 1968-, Francová, Zuzana, 1971-
Formato: Capítulo de libro
Lenguaje:inglés
Materias:
Etiquetas: Agregar Etiqueta
Sin Etiquetas, Sea el primero en etiquetar este registro!

MARC

LEADER 00000naa$a2200000$$$4500
001 0280751
005 20240502074347.8
041 0 |a eng 
044 |a SK 
245 1 0 |a Use of Netnography in Contemporary Marketing Research  |c Janka Kopaničová, Dagmar Klepochová, Zuzana Francová 
500 |a abstrakt 
610 2 0 |a výskum marketingový 
610 2 0 |a prieskum spotrebiteľský 
610 2 0 |a správanie spotrebiteľa 
610 2 0 |a trhy 
100 1 |a Kopaničová, Janka, 1979- 
700 1 |a Klepochová, Dagmar, 1968- 
700 1 |a Francová, Zuzana, 1971-